| 000 | 00898nam a2200265 i 4500 | ||
|---|---|---|---|
| 001 | bg | ||
| 100 | 1 | _aWIERZBICKA, Brygida | |
| 245 | 1 | 0 |
_aBiologia i odmianoznawstwo roślin warzywnych / _cBrygida Wierzbicka, Barbara Martyniak-Przybyszewska. |
| 260 |
_aOlsztyn : _bWydaw. Uniwersytetu Warmińsko-Mazurskiego, _c2003. |
||
| 300 |
_a133, [1] s. : _brys., tab. ; _c24 cm. |
||
| 504 | _aBibliogr. s. [134]. | ||
| 650 | 9 |
_aWarzywa _xanatomia |
|
| 650 | 9 |
_aWarzywa _xsystematyka |
|
| 655 | _aPodręczniki akademickie | ||
| 700 | 1 | _aMARTYNIAK-PRZYBYSZEWSKA, Barbara | |
| 015 | _aPB 10939/2004 | ||
| 020 | _a8372992967 | ||
| 040 | _cBPK | ||
| 041 | 0 | _apol | |
| 080 | _a635.1/.7:582.5/.9](075.8) | ||
| 920 | _a83-7299-296-7 | ||
| 942 | _cKS | ||
| 008 | s pl f |000 0 pol | ||
| 999 |
_c46964 _d46964 |
||
| 856 |
_uhttp://koha.tu.koszalin.pl/cgi-bin/koha/opac-detail.pl?biblionumber=46964 _yKatalog online BPK |
||